|
|
|
|
| LEADER |
01815npc a2200289 i 4500 |
| 001 |
eta1386 |
| 005 |
20211006095527.0 |
| 008 |
181121s2018 hu o 0|| hun d |
| 040 |
|
|
|a SZTE Elektronikus Tananyag Archívum
|b hun
|
| 041 |
|
|
|a hun
|
| 100 |
1 |
|
|a Deák István
|
| 245 |
1 |
0 |
|a Számvitel alapjai
|h [elektronikus dokumentum] :
|b 1. lecke : mi a számvitel? /
|c Deák István
|
| 246 |
1 |
0 |
|a Basics of accounting
|h [elektronikus dokumentum]
|
| 260 |
|
|
|c 2018
|
| 650 |
|
4 |
|a Társadalomtudományok
|
| 650 |
|
4 |
|a Közgazdasági és gazdálkodástudományok
|
| 650 |
|
4 |
|a Közgazdaság, ökonometria
|
| 650 |
|
4 |
|a Banki, vállalati pénzügyek, számvitel
|
| 695 |
|
|
|a számvitel
|
| 856 |
4 |
0 |
|u https://eta.bibl.u-szeged.hu/1386/1/2.%20A%20sz%C3%A1mvitel%20alapjai%201.%20lecke%20di%C3%A1k.pptx
|z Dokumentum-elérés
|
| 856 |
4 |
0 |
|u https://eta.bibl.u-szeged.hu/1386/17/1.2.3.2.%20lecke%20videopptk%C3%A9sz.mp4
|z Dokumentum-elérés
|
| 856 |
4 |
0 |
|u https://eta.bibl.u-szeged.hu/1386/3/2.%20A%20sz%C3%A1mvitel%20alapjai%202.%20lecke_olvas%C3%B3lecke%20a%20m%C3%A9rlegr%C5%91l%C3%9AJ.pdf
|z Dokumentum-elérés
|
| 856 |
4 |
0 |
|u https://eta.bibl.u-szeged.hu/1386/4/3.1.%20A%20sz%C3%A1mvitel%20alapjai%202.%20lecke%20videofeladat.doc
|z Dokumentum-elérés
|
| 856 |
4 |
0 |
|u https://eta.bibl.u-szeged.hu/1386/5/3.3.%20A%20sz%C3%A1mvitel%20alapjai%202.%20lecke%20videoppt.pptx
|z Dokumentum-elérés
|
| 856 |
4 |
0 |
|u https://eta.bibl.u-szeged.hu/1386/6/4.1%20A%20sz%C3%A1mvitel%20alapjai%202.%20lecke%20feladatsor.doc
|z Dokumentum-elérés
|
| 856 |
4 |
0 |
|u https://eta.bibl.u-szeged.hu/1386/7/4.2.%20A%20sz%C3%A1mvitel%20alapjai%202.%20lecke%20feladatmegold%C3%A1s.pptx
|z Dokumentum-elérés
|
| 856 |
4 |
0 |
|u https://eta.bibl.u-szeged.hu/1386/8/5.%20A%20sz%C3%A1mvitel%20alapjai%202.%20lecke%20gyakorl%C3%B3%20feladatok.docx
|z Dokumentum-elérés
|